Top 100 Baby Boy Names in Sweden (2017) - Alphabetical - Statistics

General Stats
  • This quiz has been taken 381 times
  • The average score is 37 of 100
Answer Stats
Hint Answer % Correct
6 A Alexander
81%
89 D Daniel
77%
2 O Oscar
77%
1 W William
76%
5 O Oliver
72%
94 D David
69%
65 C Carl
68%
46 E Erik
67%
10 A Adam
66%
3 L Liam
66%
4 L Lucas
64%
53 S Sam
63%
11 L Leo
62%
9 N Noah
59%
76 S Samuel
58%
64 A Anton
57%
7 E Elias
56%
91 S Simon
56%
52 J Jacob
55%
34 B Benjamin
54%
35 E Emil
54%
26 H Harry
53%
27 L Leon
53%
85 J John
52%
53 M Max
51%
23 T Theo
51%
28 V Vincent
51%
49 F Frank
50%
31 V Viktor
50%
16 A Axel
49%
50 H Henry
49%
71 F Felix
48%
8 H Hugo
48%
88 J Jonathan
48%
15 I Isak
46%
57 J Jack
44%
36 G Gustav
43%
22 F Filip
42%
40 G Gabriel
42%
73 K Kevin
42%
87 S Sebastian
42%
24 T Theodor
41%
19 A Alfred
40%
12 C Charlie
39%
13 E Elliot
39%
14 W Walter
38%
18 A Adrian
36%
20 N Nils
36%
89 J Joel
35%
55 N Noel
35%
69 A Alvin
34%
62 O Otto
34%
37 J Josef
33%
78 J Julian
32%
42 L Loui
32%
68 W Wilhelm
32%
32 O Olle
30%
43 A Albin
28%
83 A Ali
28%
32 A August
28%
30 E Edvin
28%
71 A Aron
27%
25 A Arvid
26%
76 I Ivar
26%
60 M Milo
26%
29 M Melvin
25%
82 E Elis
24%
17 L Ludvig
24%
67 C Casper
23%
98 L Levi
23%
85 V Ville
23%
94 M Maximilian
22%
83 O Omar
22%
70 F Frans
21%
47 L Love
21%
92 N Nicolas
21%
56 W Wilmer
21%
38 V Viggo
17%
51 M Malte
16%
75 H Hjalmar
15%
41 M Matteo
15%
39 S Sixten
15%
96 T Thor
15%
63 C Colin
14%
45 E Ebbe
14%
58 L Loke
14%
44 M Melker
14%
21 M Mohamed
14%
79 V Vilgot
14%
81 E Elvin
12%
74 M Milton
12%
100 N Neo
12%
61 S Sigge
12%
66 T Tage
12%
59 E Elton
11%
93 F Folke
10%
80 K Kian
9%
48 V Vidar
8%
98 V Vide
6%
97 M Milian
4%
No matching quizzes found
Score Distribution
Percent of People with Each Score
Percentile by Number Answered
Your Score History
You have not taken this quiz